Dni tygodnia po francusku - Statystyki

Ogólne statystyki
  • Ten quiz został rozwiązany 899 razy
  • Średni wynik to 5 z 7
Statystyki odpowiedzi
Polski Francuski % Poprawnych
Poniedziałek Lundi
87%
Wtorek Mardi
83%
Środa Mercredi
83%
Sobota Samedi
73%
Niedziela Dimanche
72%
Piątek Vendredi
69%
Czwartek Jeudi
68%
Nie znaleziono quizów pasujących do podanych kryteriów
Rozkład punktacji
Procent ludzi z każdym wynikiem
Percentyl według liczby udzielonych odpowiedzi
Twoja historia wyników
Nie rozwiązałeś tego quizu